Представление документа в формате MARC21

Поле Инд. ПП Название Значение
Тип записи a
Библиографический уровень m
001 Контрольный номер e3f0941ed63e48548b39f849e6830d1a
005 Дата корректировки 20260601151337.0
040 a Служба первич. каталог. 10013504
b Код языка каталог. rus
e Правила каталог. PSBO
041 0_ a Код языка текста rus
090 a Полочн. индекс М43.87
x Авторский знак С 404
r Идентификатор организации 10013504
100 1_ a Автор Сироткин Я.А.
245 10 a Заглавие Аэродинамический расчет лопаток осевых турбомашин
260 a Место издания Москва
c Дата издания 1972
b Издательство Машиностроение
300 a Объем 449 с.
b Иллюстрации/ тип воспроизводства ил.
504 a Библиография Библиогр.: с. 438-445 (187 назв.)
901 t Тип документа r
952 a Тип литературы для КСУ ВШ КНР
c Вид литературы монография